| 000 | 02170nam a2200481 i 4500 | ||
|---|---|---|---|
| 001 | ebr10897646 | ||
| 003 | CaPaEBR | ||
| 006 | m o d | ||
| 007 | cr cn||||||||| | ||
| 008 | 140801t20142014caua ob 000 0 eng d | ||
| 020 | _z9780833084446 | ||
| 020 | _a9780833084477 (e-book) | ||
| 040 |
_aCaPaEBR _beng _erda _epn _cCaPaEBR |
||
| 035 | _a(OCoLC)889268392 | ||
| 043 | _an-mx--- | ||
| 050 | 1 | 4 |
_aHV5840.M4 _b.P383 2014eb |
| 082 | 0 | 4 |
_a363.450972 _223 |
| 100 | 1 |
_aPaul, Christopher, _d1971- _eauthor. |
|
| 245 | 1 | 0 |
_aMexico is not Colombia : _balternative historical analogies for responding to the challenge of violent drug-trafficking organizations / _cChristopher Paul, Colin P. Clarke, Chad C. Serena. |
| 264 | 1 |
_aSanta Monica, California : _bRAND, _c2014. |
|
| 264 | 4 | _c�2014 | |
| 300 |
_a1 online resource (282 pages) : _billustrations (some color), tables |
||
| 336 |
_atext _2rdacontent |
||
| 337 |
_acomputer _2rdamedia |
||
| 338 |
_aonline resource _2rdacarrier |
||
| 500 | _a"Supporting case studies." | ||
| 504 | _aIncludes bibliographical references. | ||
| 588 | _aDescription based on print version record. | ||
| 590 | _aElectronic reproduction. Palo Alto, Calif. : ebrary, 2014. Available via World Wide Web. Access may be limited to ebrary affiliated libraries. | ||
| 650 | 0 |
_aDrug traffic _zMexico. |
|
| 650 | 0 |
_aViolent crimes _zMexico. |
|
| 650 | 0 |
_aViolence _zMexico. |
|
| 650 | 0 |
_aDrug control _zMexico. |
|
| 650 | 0 |
_aInternal security _zMexico. |
|
| 650 | 0 |
_aInsurgency _zMexico. |
|
| 655 | 0 | _aElectronic books. | |
| 700 | 1 |
_aSerena, Chad C., _eauthor. |
|
| 700 | 1 |
_aClarke, Colin P., _eauthor. |
|
| 710 | 2 |
_aRand Corporation. _bNational Security Research Division, _esponsor. |
|
| 776 | 0 | 8 |
_iPrint version: _aPaul, Christopher, 1971- _tMexico is not Colombia : alternative historical analogies for responding to the challenge of violent drug-trafficking organizations. _dSanta Monica, California : RAND, c2014 _hxxxii, 249 pages _z9780833084446 _w2014016775 |
| 797 | 2 | _aebrary. | |
| 856 | 4 | 0 |
_uhttp://site.ebrary.com/lib/rucke/Doc?id=10897646 _zAn electronic book accessible through the World Wide Web; click to view |
| 999 |
_c54924 _d54924 |
||